Výroba strižného nástroja v podmienkach spoločnosti ZF Slovakia a.s.

Gespeichert in:
Bibliographische Detailangaben
1. Verfasser: Jobek, Patrik (Verfasst von)
Weitere Verfasser: Görög, Augustín (Betreuung Doktorarbeit)
Format: Manuskript Buch
Sprache:Slowakisch
Veröffentlicht: 2023
Schlagworte:
Online-Zugang:http://is.stuba.sk/zp/portal_zp.pl?podrobnosti=170397
Tags: Tag hinzufügen
Keine Tags, Fügen Sie das erste Tag hinzu!

MARC

LEADER 00000ntm a22000003a 4500
001 stuzp93110
003 SK-STU
005 20230909214040.2
007 ta
008 150427s2015----xo-----f-mn---000-0-slo-d
040 |a STU  |b slo 
041 0 |a slo 
100 1 |a Jobek, Patrik  |u 063000  |4 aut  |U MTF Materiálovotechnologická fakulta  |T MTF Ústav výrobných technológií  |X 7008  |U M3000  |Y 83  |7 7008 
242 0 1 |a Production of blanking tool under the conditions of ZF Slovakia a.s.  |y eng 
245 1 0 |a Výroba strižného nástroja v podmienkach spoločnosti ZF Slovakia a.s. 
260 |c 2023 
650 4 |a strižný nástroj  |2 slo 
650 4 |a presné strihanie  |2 slo 
650 4 |a elektroerozívne drôtové rezanie  |2 slo 
650 4 |a HSC  |2 slo 
650 4 |a precision cutting  |2 eng 
650 4 |a blanking tool  |2 eng 
650 4 |a HSC  |2 eng 
650 4 |a electroerosive wire cutting  |2 eng 
700 1 |a Görög, Augustín  |u 063200  |k Z1  |4 ths  |U MTF Ústav výrobných technológií  |T MTF Katedra obrábania a počítačovej podpory technológií  |X 4179  |U M3200  |Y 164  |7 A000004179 
856 4 |u http://is.stuba.sk/zp/portal_zp.pl?podrobnosti=170397 
996 |c M* DP-15142  |l MMSKP  |s P  |a 0  |w stuzp93110_0001